It looks like you're offline.
Open Library logo
additional options menu

MARC record from Internet Archive

LEADER: 00737nam 2200229Mi 4500
001 ocm72939374
003 OCoLC
005 20091221141459.0
008 030321s1964 gw u000 u ger d
040 $aGWDNB$bger$cGWDNB$erakwb
016 7 $a364408049$2GyFmDB
035 $a(OCoLC)72939374
100 1 $aMonnier, Thyde.
240 14 $aLes cinq Doigts de la main.$ldt.
245 10 $aFünf Finger einer Hand :$bRoman /$cThyde Monnier. [Aus d. Franz. übertr. v. Ernst Sander].
250 $a31.-35. Tsd.
260 $aReinbek b. Hamburg :$bRowohlt-Taschenbuch-Verl.,$c1964.
300 $a137 S. ;$c8.
440 0 $arororo-Taschenbuch-Ausgabe ;$v614
700 1 $aSander, Ernst.
994 $aZ0$bPMR
948 $hNO HOLDINGS IN PMR - 2 OTHER HOLDINGS